Largest Municipalities in South Dakota by First Letter - Statistics

General Stats
  • This quiz has been taken 8 times
  • The average score is 12 of 24
Answer Stats
First Letter County Population Municipality % Correct
Y Yankton 15,765 Yankton
100%
B Brookings 24,947 Brookings
88%
P Hughes 13,762 Pierre
88%
R Pennington 82,388 Rapid City
88%
S Minnehaha 215,058 Sioux Falls
88%
A Brown 27,895 Aberdeen
75%
H Beadle 14,856 Huron
75%
M Davidson 15,593 Mitchell
75%
V Clay 12,205 Vermillion
75%
W Codington 23,597 Watertown
75%
L Lawrence 3,071 Lead
63%
N Union 3,050 North Sioux City
63%
T Lincoln 8,515 Tea
63%
D Minnehaha 3,783 Dell Rapids
38%
C Lincoln 2,948 Canton
25%
G Brown 1,334 Groton
25%
J Union 431 Jefferson
25%
K Brule 588 Kimball
25%
U Yankton 71 Utica
25%
E Union 2,031 Elk Point
13%
F Moody 2,348 Flandreau
13%
I Edmunds 957 Ipswich
13%
Q Pennington 64 Quinn
13%
O Sully 654 Onida
0%
No matching quizzes found
Score Distribution
Percent of People with Each Score
Percentile by Number Answered
Your Score History
You have not taken this quiz